Engineering applications of discrete element method : operation analysis and optimization design of coal and agricultural machinery / Xuewen Wang, Bo Lii, Rui Xia, Haozhou Ma. (Record no. 22650)

000 -LEADER
fixed length control field 01516nam a22002297a 4500
020 ## - INTERNATIONAL STANDARD BOOK NUMBER
ISBN 9789811579776 (eBook)
022 ## - INTERNATIONAL STANDARD SERIAL NUMBER
ISSN 26623374 (electronic)
082 ## - DEWEY DECIMAL CLASSIFICATION NUMBER
Classification number 620.015118
Item number W246 2021
100 ## - MAIN ENTRY--AUTHOR NAME
Personal name Wang, Xuewen, author.
245 ## - TITLE STATEMENT
Title Engineering applications of discrete element method : operation analysis and optimization design of coal and agricultural machinery / Xuewen Wang, Bo Lii, Rui Xia, Haozhou Ma.
260 ## - PUBLICATION, DISTRIBUTION, ETC. (IMPRINT)
Place of publication Singapore :
Name of publisher Springer Nature Singapore,
Year of publication c2021.
300 ## - PHYSICAL DESCRIPTION
Number of Pages 1 online resource, x, 177 pages :
Other physical details illustrations (some color).
490 ## - SERIES STATEMENT
Series statement Engineering Applications of Computational Methods 4.
500 ## - GENERAL NOTE
General note Includes bibliographical references.
520 ## - SUMMARY, ETC.
Summary, etc The book series Engineering Applications of Computational Methods addresses the numerous applications of mathematical theory and latest computational or numerical methods in various fields of engineering. It emphasizes the practical application of these methods, with possible aspects in programming. New and developing computational methods using big data, machine learning and AI are discussed in this book series, and could be applied to engineering fields, such as manufacturing, industrial engineering, control engineering, civil engineering, energy engineering and material engineering.
650 ## - SUBJECT ADDED ENTRY--TOPICAL TERM
Topical Term Agricultural machinery--Design and construction.
650 ## - SUBJECT ADDED ENTRY--TOPICAL TERM
Topical Term Coal-mining machinery--Reliability.
700 ## - ADDED ENTRY--PERSONAL NAME
Personal name Li, Bo, author.
700 ## - ADDED ENTRY--PERSONAL NAME
Personal name Xia, Rui, author.
700 ## - ADDED ENTRY--PERSONAL NAME
Personal name Ma, Haozhou, author.
942 ## - ADDED ENTRY ELEMENTS (KOHA)
Koha item type Electronic Books
Holdings
Source of acquisition Permanent Location Date acquired Collection code Koha item type Lost status Shelving location Withdrawn status Current Location Full call number
DonationCagayan State University - Carig Library2026-04-16E-BooksElectronic Books E-Resource Section Cagayan State University - Carig Library620.015118 W246 2021

Cagayan State University University Library, Carig Campus
Tuguegarao City, Cagayan 3500 | www.csucarig.edu.ph

Powered by Koha